000 00395 a2200169 4500
001 186739
020 _a85-7153-116-1
040 _cMagnum
100 _aLago, Angela
240 1 0 _aIndo não sei aonde buscar não sei o quê
_lpor
245 1 0 _aIndo não sei aonde buscar não sei o quê
300 _a32
362 0 _a2000
440 1 _aRHJ
697 _aLITERATURA INFANTO
942 _cBK
999 _c186739
_d186739